Science Quiz

Random Science or Clickable Quiz

Which are Lemurs? Quiz Stats

 Plays Quiz not verified by Sporcle

Score 0/18 Timer 05:00
0 Plays Today
% Correct
Ring-Tailed Lemur
87%
Black-and-White Ruffed Lemur
84.5%
Golden Bamboo Lemur
83.4%
Aye-Aye
78.2%
Hairy-Eared Dwarf Lemur
76.9%
Red Ruffed Lemur
75.5%
Crowned Sifaka
71.9%
Northern Rufous Mouse Lemur
71.2%
Red-Bellied Lemur
71%
% Correct
Coquerel's Giant Mouse Lemur
70.1%
Mongoose Lemur
66.1%
Red-Tailed Sportive Lemur
65.8%
Blue-Eyed Black Lemur
64.7%
Pale Fork-Marked Lemur
63.8%
Western Woolly Lemur
62.7%
Silky Sifaka
62.2%
Indri
60.4%
Diademed Sifaka
59.3%

You're not logged in!

Compare scores with friends on all Sporcle quizzes.
OR
Log In

Sporcle TV

Today on Sporcle TV


Watch our educational content, quiz creation guides, and fun videos on Sporcle TV.

Show Comments

Extras

Top Quizzes Today


Score Distribution

Your Account Isn't Verified!

In order to create a playlist on Sporcle, you need to verify the email address you used during registration. Go to your Sporcle Settings to finish the process.

Report this User

Report this user for behavior that violates our Community Guidelines.

Details: